Aisī̃ aksharē rasikẽ. (Record no. 78769)

MARC details
000 -LEADER
fixed length control field 00548cam a22002291 4500
001 - CONTROL NUMBER
control field sa 68002495
003 - CONTROL NUMBER IDENTIFIER
control field DLC
005 - DATE AND TIME OF LATEST TRANSACTION
control field 20260227112443.0
008 - FIXED-LENGTH DATA ELEMENTS--GENERAL INFORMATION
fixed length control field 890918s1967 ii 000 0 maro
010 ## - LIBRARY OF CONGRESS CONTROL NUMBER
LC control number sa 68002495
035 ## - SYSTEM CONTROL NUMBER
System control number (OCoLC)20361648
040 ## - CATALOGING SOURCE
Original cataloging agency DLC
Transcribing agency WaU
Modifying agency DLC
042 ## - AUTHENTICATION CODE
Authentication code premarc
050 00 - LIBRARY OF CONGRESS CALL NUMBER
Classification number PK2403
Item number .P47
100 1# - MAIN ENTRY--PERSONAL NAME
Personal name Phadke, Narayan Sitaram.
245 10 - TITLE STATEMENT
Title Aisī̃ aksharē rasikẽ.
260 ## - PUBLICATION, DISTRIBUTION, ETC.
Date of publication, distribution, etc. [1967]
300 ## - PHYSICAL DESCRIPTION
Extent 294 p.
Dimensions 19 cm.
500 ## - GENERAL NOTE
General note In Marathi.
650 #0 - SUBJECT ADDED ENTRY--TOPICAL TERM
Topical term or geographic name entry element Marathi literature.
650 #0 - SUBJECT ADDED ENTRY--TOPICAL TERM
Topical term or geographic name entry element Actors.

No items available.

Powered by Koha